[Event "HZ Open"]
[Site "Vlissingen NED"]
[Date "2007.08.05"]
[Round "3"]
[White "Meulblok,W"]
[Black "Meinhardt,Ma"]
[Result "0-1"]
[WhiteElo "2082"]
[BlackElo "2378"]

1.e4 e6 2.d4 d5 3.Nd2 Nc6 4.c3 e5 5.c4 dxe4 6.d5 Nd4 7.Nxe4 Bf5 8.Bd3 Nf6
9.Bg5 Bb4+ 10.Kf1 Be7 11.Bxf6 Bxf6 12.Ne2 Nxe2 13.Qxe2 Be7 14.f4 exf4 15.Nf6+ Kf8
16.Bxf5 Bxf6 17.Re1 g6 18.Bd3 Kg7 19.Qf2 Re8 20.g3 Rxe1+ 21.Kxe1 Qe8+ 22.Kd1 Qa4+
23.b3 Qa5 24.Rf1 Qc3 25.Qc2 Qa1+ 26.Qb1 Qd4 27.Rxf4 Qe3 28.Qc2 Re8 29.Qe2 Bg5
30.Qxe3 Rxe3 31.Rd4 Bf6 32.d6 Bxd4  0-1

[Event "94th ch-GBR"]
[Site "Great Yarmouth ENG"]
[Date "2007.08.06"]
[Round "7"]
[White "Walker,Mart"]
[Black "Wilson,A"]
[Result "1-0"]
[WhiteElo "2262"]
[BlackElo "2066"]

1.e4 e6 2.d4 d5 3.Nd2 Be7 4.Ngf3 Nf6 5.Bd3 c5 6.exd5 Qxd5 7.dxc5 Nc6 8.Nb3 O-O
9.O-O a5 10.a4 Rd8 11.Qe2 Qh5 12.Bg5 h6 13.Bh4 e5 14.h3 Bf5 15.Bxf6 Bxd3
16.cxd3 Bxf6 17.Nbd2 Rd5 18.Rfc1 Rad8 19.Ra3 Nb4 20.d4 exd4 21.Qb5 d3 22.Rb3 Nc2
23.Ne4 Bd4 24.Rxd3 Qg6 25.Rxc2 Qxe4 26.Kh1 Bf6 27.Rxd5 Rxd5 28.Rc1 Qf4 29.Re1 g5
30.Qxa5 g4 31.hxg4 Qxg4 32.Qa8+ Kg7 33.Qxb7 Rh5+ 34.Kg1 Rxc5 35.b3 h5 36.Qe4 Qc8
37.Rb1 Rc2 38.Nd4 Rd2 39.Nf5+ Kh8 40.Qf3  1-0

[Event "Proclient Cup IMA"]
[Site "Olomouc CZE"]
[Date "2007.08.06"]
[Round "8"]
[White "Bosman,M"]
[Black "Wiley,To"]
[Result "1/2-1/2"]
[WhiteElo "2333"]
[BlackElo "2318"]

1.e4 e6 2.d4 d5 3.Nd2 a6 4.Ngf3 Nf6 5.Bd3 c5 6.exd5 Qxd5 7.dxc5 Bxc5 8.Qe2 Nbd7
9.Nb3 Be7 10.Bf4 Nc5 11.Nxc5 Qxc5 12.O-O b6 13.c3 Bb7 14.h3 Qc6 15.Rfe1 O-O
16.Qf1 Bd6 17.Bxd6 Qxd6 18.Rad1 Qc7 19.Nd4 Rfd8 20.Qe2 b5 21.Qe5  1/2-1/2

[Event "Proclient Cup IMA"]
[Site "Olomouc CZE"]
[Date "2007.08.06"]
[Round "8"]
[White "Groetz,H"]
[Black "Nilsson,S"]
[Result "1/2-1/2"]
[WhiteElo "2347"]
[BlackElo "2218"]

1.e4 e6 2.d4 d5 3.Nd2 Be7 4.Bd3 c5 5.dxc5 Nd7 6.exd5 exd5 7.Ngf3 Nxc5 8.Bb5+ Bd7
9.Bxd7+ Qxd7 10.O-O Nf6 11.Nb3 Nce4 12.c3 O-O 13.Nfd4 b5 14.Qf3 Rfc8 15.Nf5 Bf8
16.a3 a5 17.Rd1 Qb7 18.Ne3 Rd8 19.h3 b4 20.cxb4 axb4 21.a4 Ra6 22.Qe2 Qa8
23.a5 Nc5 24.Nxc5 Bxc5 25.Qb5 Qa7 26.Kf1 h6  1/2-1/2

[Event "HZ Open"]
[Site "Vlissingen NED"]
[Date "2007.08.07"]
[Round "5"]
[White "Caruana,F"]
[Black "Zaragatski,I"]
[Result "1-0"]
[WhiteElo "2549"]
[BlackElo "2480"]

1.e4 e6 2.d4 d5 3.Nd2 Nc6 4.Ngf3 Nf6 5.e5 Nd7 6.Bd3 f6 7.Ng5 Ndxe5 8.dxe5 fxg5
9.Qh5+ g6 10.Bxg6+ Kd7 11.f4 gxf4 12.Bd3 Qe8 13.Qe2 Nb4 14.O-O Nxd3 15.cxd3 b6
16.Rxf4 Ba6 17.Rf6 Rg8 18.Nf3 Qh5 19.Bf4 Qg4 20.Bg3 Be7 21.Qc2 Bb7 22.Rc1 c6
23.d4 h5 24.Rf4 Qg6 25.Bh4 Raf8 26.Bf6 Qxc2 27.Rxc2 c5 28.Rf2 cxd4 29.Nxd4 Bc5
30.h3 Rg3 31.b4 Bxb4 32.Ne2 Ra3 33.Rxb4 Rxa2 34.Nd4 Rxf2 35.Kxf2 Rc8 36.Rb3 Rc4
37.Ke3 Rc1 38.g4 hxg4 39.hxg4 Re1+ 40.Kf3 Rd1 41.Ke3 Re1+ 42.Kf3 Rd1 43.Nb5 d4+
44.Ke2 Rg1 45.Nxa7 Rg2+ 46.Ke1 Rg1+ 47.Kd2 Rg2+ 48.Ke1 Rg1+ 49.Kf2 Rg2+ 50.Kf1 Rxg4
51.Rxb6 Bd5 52.Rb4 Re4 53.Nb5 d3 54.Rxe4 Bxe4 55.Nd4 Bd5 56.Ke1 Kc7 57.Kd2 Bc4
58.Be7 Kb7 59.Bb4 Kb6 60.Kc3 Bd5 61.Kxd3 Kc7 62.Ke3 Kd7 63.Kf4 Ke8 64.Kg5 Kf7
65.Kh6 Bc4 66.Nf3 Bb3 67.Ng5+ Ke8 68.Kg7 Kd7 69.Kf6 Ba2 70.Ba3 Bb3 71.Nh7 Kc6
72.Nf8 Kd5 73.Nxe6 Bc4 74.Nf4+ Ke4 75.Nh3 Bb3 76.Ng5+ Kd4 77.e6 Bxe6 78.Nxe6+ Ke4
79.Bf8 Kd5 80.Ng5 Kd4 81.Ke6 Ke3 82.Ke5 Kd3 83.Kd5 Ke3 84.Bd6 Kd3 85.Be5 Ke3
86.Kc4 Ke2 87.Kc3 Ke3 88.Bg3 Ke2 89.Kd4 Kd2 90.Nf3+ Ke2 91.Nh2 Kd2 92.Bf4+ Ke2
93.Be3 Kd1 94.Kd3 Ke1 95.Bd4 Kd1 96.Nf3 Kc1 97.Nd2 Kd1 98.Bf2 Kc1 99.Nc4 Kd1
100.Nb2+ Kc1 101.Kc3 Kb1 102.Kb3 Kc1 103.Be3+ Kb1 104.Na4 Ka1 105.Bc1 Kb1
106.Ba3 Ka1 107.Bb2+  1-0

[Event "Proclient Cup IMA"]
[Site "Olomouc CZE"]
[Date "2007.08.08"]
[Round "10"]
[White "Butuc,M"]
[Black "Nilsson,S"]
[Result "1/2-1/2"]
[WhiteElo "2082"]
[BlackElo "2218"]

1.e4 e6 2.d4 d5 3.Nd2 Be7 4.e5 Nh6 5.f4 c5 6.Ngf3 Nc6 7.c3 cxd4 8.Nxd4 Nxd4
9.cxd4 Nf5 10.Nf3 Qa5+ 11.Kf2 Qb6 12.Qb3 O-O 13.Qxb6 axb6 14.Bb5 f6 15.Ke2 Rd8
16.Bd2 Bd7 17.Bd3 Be8 18.g4 fxe5 19.fxe5 Nh6 20.Ng5 Bxg5 21.Bxg5 Rdc8 22.h3 Nf7
23.Be3 Nd8 24.h4 Nc6 25.h5 Nb4 26.a3 Nxd3 27.Kxd3 Rc7 28.Rac1 Rac8 29.Rxc7 Rxc7
30.g5 Bb5+ 31.Kd2 Ba4 32.Rc1 Rxc1 33.Kxc1 Kf7 34.h6  1/2-1/2

[Event "12th WY U16 Ol"]
[Site "Singapore SIN"]
[Date "2007.08.08"]
[Round "7"]
[White "Lehmann,Mar"]
[Black "Ly,M"]
[Result "0-1"]
[WhiteElo "2279"]
[BlackElo "2295"]

1.e4 e6 2.d4 d5 3.Nd2 Be7 4.Bd3 Nf6 5.e5 Nfd7 6.f4 c5 7.c3 Nc6 8.Ndf3 Qb6
9.Ne2 f6 10.h4 f5 11.h5 a5 12.Rg1 Nf8 13.g4 g6 14.gxf5 exf5 15.Kf2 a4 16.Be3 Bd7
17.b3 a3 18.Rc1 Rc8 19.Bb1 Be6 20.dxc5 Bxc5 21.Nfd4 Nxd4 22.Nxd4 Qd8 23.Rh1 Rg8
24.Bd3 Bd7 25.Qf3 Be6 26.Bb5+ Kf7 27.hxg6+ hxg6 28.b4 Bb6 29.Ba4 Bxd4 30.Bxd4 g5
31.Rh6 g4 32.Qh1 Ng6 33.Qh5 Rg7 34.Rh1 Qe7 35.Bc2 Qd7 36.Qg5 Rcg8 37.Rh7 Qe7
38.Qf6+ Ke8 39.Rxg7 Rxg7 40.Bxf5 Nxf4 41.Rh8+ Kd7 42.Bc5 Qxf6 43.exf6 Rf7
44.Rh7 Rxh7 45.Bxh7 d4 46.cxd4 Nh5 47.b5 g3+ 48.Kg1 Nxf6 49.Bd3 Bxa2 50.Bxa3 Bd5
51.Bc1 Ke6 52.Bf1 Kf5 53.Bg2 Bxg2 54.Kxg2 Kg4 55.Ba3 Nd5 56.Bd6 Ne3+ 57.Kg1 Kf3
58.Bc7 g2 59.Bb6 Nd5 60.Ba7 b6  0-1

[Event "IM"]
[Site "Dubna RUS"]
[Date "2007.08.09"]
[Round "13"]
[White "Rysbayeva,N"]
[Black "Grebenshikov,V"]
[Result "0-1"]
[WhiteElo "2054"]
[BlackElo "2307"]

1.e4 e6 2.d4 d5 3.Nd2 Nc6 4.Ngf3 Nf6 5.e5 Nd7 6.c3 f6 7.exf6 Qxf6 8.Nb3 Bd6
9.Bd3 O-O 10.Bg5 Qf7 11.Qc2 Qh5 12.h4 e5 13.g4 Qxg4 14.Bxh7+ Kh8 15.Nh2 Qg2
16.O-O-O Rxf2 17.Bd2 Nf8 18.Rdg1 Nxh7 19.Rxg2 Rxg2 20.Nf3 e4 21.Ng5 Bg4 22.Nxe4 Bf5
23.Qd1 Bxe4 24.h5 Rf8 25.h6 g6 26.Rf1 Ne7 27.Nc5 Bxc5 28.dxc5 Rh2 29.Rxf8+ Nxf8
30.b4 Nf5 31.a4 Ne6 32.a5 Rh1 33.Be1 Nf4 34.Qa4 Rxe1+ 35.Kb2 c6 36.a6 Nd3+
37.Ka2 Nc1+ 38.Ka1 Ne2+ 39.Kb2 Ne3 40.Qa2 bxa6 41.b5 Nc4+ 42.Kb3 Nc1+ 43.Ka4 axb5+
44.Kb4 Nxa2+ 45.Kb3 Nc1+ 46.Kb4 a5+  0-1

[Event "94th ch-GBR"]
[Site "Great Yarmouth ENG"]
[Date "2007.08.09"]
[Round "10"]
[White "Gormally,D"]
[Black "Fowler,S"]
[Result "0-1"]
[WhiteElo "2509"]
[BlackElo "2204"]

1.e4 e6 2.d4 d5 3.Nd2 Nc6 4.Ngf3 Nf6 5.e5 Nd7 6.c3 f6 7.exf6 Qxf6 8.Nb3 Bd6
9.c4 O-O 10.cxd5 exd5 11.Be2 a5 12.Be3 b6 13.O-O Qg6 14.Nh4 Qf6 15.g3 Ne7
16.Rc1 Ba6 17.Bxa6 Rxa6 18.Ng2 a4 19.Nd2 Nf5 20.Nb1 b5 21.Nc3 c6 22.Ne2 Bc7
23.Qd3 Bb6 24.Rc2 Raa8 25.Rfc1 Rac8 26.Ngf4 Qd6 27.Nc3 Rce8 28.Nce2 Nb8 29.Ng2 Qf6
30.Rf1 Re4 31.Nc3 Rg4 32.Ne2 Bxd4 33.Nxd4 Nxd4 34.Bxd4 Qxd4 35.Qa3 Re4 36.Ne3 Rf3
37.Qd6 Qe5 38.Qd8+ Rf8 39.Qb6 d4 40.Ng2 Qd5 41.a3 d3  0-1

[Event "HZ Open"]
[Site "Vlissingen NED"]
[Date "2007.08.09"]
[Round "7"]
[White "Cupido,A"]
[Black "Meinhardt,Ma"]
[Result "0-1"]
[WhiteElo "2145"]
[BlackElo "2378"]

1.e4 e6 2.d4 d5 3.Nd2 Nc6 4.Ngf3 Nf6 5.e5 Nd7 6.Bd3 f6 7.Ng5 Ndxe5 8.dxe5 fxg5
9.Qh5+ g6 10.Bxg6+ Kd7 11.Nf3 hxg6 12.Qxg6 Be7 13.Be3 Qg8 14.Qd3 g4 15.Nd2 Qh7
16.Qb3 Nb4 17.O-O-O a5 18.Kb1 a4 19.Qc3 Ra6 20.Bc5 Nxc2 21.Bxe7 Ne3+ 22.Ka1 Nxd1
23.Rxd1 Qxe7 24.Ne4 Rc6 25.Qg3 Kd8 26.Qxg4 Bd7 27.Nf6 a3  0-1

[Event "6th Int Open"]
[Site "Davos SUI"]
[Date "2007.08.11"]
[Round "6"]
[White "Bojkovic,N"]
[Black "Curien,N"]
[Result "1-0"]
[WhiteElo "2423"]
[BlackElo "2254"]

1.e4 e6 2.d4 d5 3.Nd2 Nc6 4.Ngf3 Nf6 5.e5 Nd7 6.Be2 f6 7.exf6 Qxf6 8.Nf1 Bd6
9.Ne3 O-O 10.O-O Qg6 11.c4 Nf6 12.Re1 Bd7 13.Bd3 Qh5 14.c5 Bf4 15.Nf1 e5
16.Be2 Bxc1 17.Nxe5 Qh4 18.Nf3 Qf4 19.Rxc1 Bg4 20.Qd2 Qxd2 21.N1xd2 Rae8
22.Bb5 Bxf3 23.Nxf3 Ne4 24.Bxc6 bxc6 25.Re3 Re6 26.Rc2 Ref6 27.Ne5 Rxf2 28.Rxf2 Nxf2
29.Nxc6 Ng4 30.Re7 Rf6 31.Rxc7 Re6 32.Rc8+  1-0

[Event "Acropolis Open"]
[Site "Athens GRE"]
[Date "2007.08.16"]
[Round "3"]
[White "Rozentalis,E"]
[Black "Esen,B"]
[Result "1-0"]
[WhiteElo "2551"]
[BlackElo "2441"]

1.e4 e6 2.d4 d5 3.Nd2 a6 4.Bd3 c5 5.dxc5 Bxc5 6.Ngf3 Nc6 7.c3 Nge7 8.O-O O-O
9.Qe2 Ng6 10.Nb3 Bd6 11.Rd1 Re8 12.Bg5 f6 13.Be3 Qc7 14.h3 dxe4 15.Bxe4 f5
16.Bxc6 bxc6 17.Bb6 Qe7 18.Na5 e5 19.Nxc6 Qf6 20.Bd8 Qf8 21.Ng5 Be6 22.Qh5 h6
23.Qxg6 hxg5 24.Rxd6 Bf7 25.Be7 Rxe7 26.Qxf5  1-0

[Event "Petrovskaya Ladya IM2"]
[Site "Peterhof RUS"]
[Date "2007.08.16"]
[Round "5"]
[White "Rozum,I"]
[Black "Zacurdajev,M"]
[Result "1/2-1/2"]
[WhiteElo "2354"]
[BlackElo "2384"]

1.d4 e6 2.e4 d5 3.Nd2 Be7 4.Bd3 c5 5.dxc5 Nf6 6.exd5 Nxd5 7.Nb3 Nd7 8.Bc4 Nxc5
9.Bxd5 exd5 10.Be3 Ne4 11.Ne2 O-O 12.O-O Bd6 13.Bf4 Be7 14.Be5 Be6 15.Ng3 Nxg3
16.hxg3 Rc8 17.c3 Qd7 18.Re1 b6 19.Bd4 Rfe8 20.Qd2 Bf8 21.Re5 Bf5 22.Rae1 Rxe5
23.Rxe5 Re8 24.Qf4 Rxe5 25.Qxe5 f6 26.Qf4 Bd6 27.Qd2 Bb1 28.a3 Bg6 29.Be3 Bf7
30.Bf4 Bc5 31.Be3 Bxe3 32.fxe3 Qg4 33.Qe1  1/2-1/2

[Event "Romanian Open"]
[Site "Predeal ROM"]
[Date "2007.08.16"]
[Round "7"]
[White "Peptan,C"]
[Black "Matamoros Franco,C"]
[Result "1/2-1/2"]
[WhiteElo "2411"]
[BlackElo "2528"]

1.e4 e6 2.d4 d5 3.Nd2 Nc6 4.Ngf3 Nf6 5.e5 Nd7 6.Bb5 a6 7.Bxc6 bxc6 8.O-O c5
9.dxc5 Nxc5 10.Nd4 Bb7 11.f4 g6 12.b4 Nd7 13.Rb1 a5 14.b5 Nb6 15.Qf3 a4 16.Ba3 Bxa3
17.Qxa3 Qe7 18.Qc3 O-O 19.Kh1 Rfd8  1/2-1/2

[Event "Acropolis Open"]
[Site "Athens GRE"]
[Date "2007.08.18"]
[Round "5"]
[White "Kotronias,V"]
[Black "Esen,B"]
[Result "0-1"]
[WhiteElo "2612"]
[BlackElo "2441"]

1.e4 e6 2.d4 d5 3.Nd2 a6 4.Ngf3 c5 5.dxc5 Bxc5 6.Bd3 Nc6 7.O-O Nge7 8.a3 O-O
9.b4 Ba7 10.Bb2 Ng6 11.e5 f6 12.Bxg6 hxg6 13.c4 dxc4 14.Nxc4 Qxd1 15.Raxd1 Ne7
16.Bd4 Nd5 17.exf6 gxf6 18.Bxa7 Rxa7 19.Rxd5 exd5 20.Nb6 Bg4 21.Nd4 Rd8 22.a4 a5
23.f3 Ra6 24.bxa5 Bd7 25.Nb3 Bc6 26.Kf2 d4 27.Rd1 Ra7 28.Rd2 Be8 29.f4 Bc6
30.g4 Kf7 31.h4 Be8 32.f5 gxf5 33.gxf5 Bc6 34.Kg3 Rg8+ 35.Kf4 Rh8 36.Kg4 Rg8+
37.Kh3 Rd8 38.h5 Re8 39.Nc4 Rd8 40.Nb6 Bf3 41.Nxd4 Bxh5 42.Nc4 Ke7 43.Rd3 Bf7
44.Re3+ Kf8 45.Ne6+ Bxe6 46.Rxe6 Rd3+ 47.Kg2 Ra6 48.Re4 Rd5 49.Ne3 Rdxa5
50.Rb4 Ra7 51.Rg4 Rxa4 52.Rg6 R7a6 53.Ng4 Rb4 54.Kh3 Ra3+ 55.Kh4 Raa4 56.Rxf6+ Ke7
57.Re6+ Kd7 58.Rg6 b5  0-1

[Event "Rubinstein Mem"]
[Site "Polanica Zdroj POL"]
[Date "2007.08.18"]
[Round "1"]
[White "Andriasian,Z"]
[Black "Socko,B"]
[Result "1/2-1/2"]
[WhiteElo "2540"]
[BlackElo "2660"]

1.e4 e6 2.d4 d5 3.Nd2 Be7 4.Ngf3 Nf6 5.e5 Nfd7 6.c3 c5 7.Bd3 b6 8.O-O Ba6
9.Bxa6 Nxa6 10.Re1 b5 11.a4 b4 12.c4 Nc7 13.b3 O-O 14.Bb2 dxc4 15.Nxc4 Nd5
16.Rc1 Rc8 17.Qe2 Qc7 18.Red1 Rfd8 19.Qe4 Qb8 20.h4 cxd4 21.Nxd4 Nc5 22.Qg4 Bf8
23.Qf3 a6 24.h5  1/2-1/2

[Event "ch-FRA"]
[Site "Aix-les-Bains FRA"]
[Date "2007.08.20"]
[Round "7"]
[White "Vachier Lagrave,M"]
[Black "Bauer,Ch"]
[Result "1-0"]
[WhiteElo "2595"]
[BlackElo "2626"]

1.e4 e6 2.d4 d5 3.Nd2 Nc6 4.Ngf3 Nf6 5.e5 Nd7 6.Be2 Be7 7.Nf1 O-O 8.Ne3 f6
9.exf6 Nxf6 10.O-O Bd6 11.c4 b6 12.b3 Bb7 13.cxd5 exd5 14.Nf5 Ne4 15.Nxd6 Qxd6
16.Bb2 Nd8 17.Ne5 Ne6 18.f3 N4g5 19.Rc1 c5 20.dxc5 bxc5 21.Nd3 Rac8 22.Kh1 d4
23.Qe1 Rf5 24.b4 cxb4 25.Qxb4 Qxb4 26.Nxb4 Nf4 27.Bc4+ Kh8 28.Bxd4 h5 29.h4 a5
30.hxg5 axb4 31.Be3 Nd5 32.Bd2 Nf4 33.Rfe1 Rfc5 34.Bxf4 Rxc4 35.Rxc4 Rxc4
36.g6 Bc6 37.Rd1  1-0

[Event "Acropolis Open"]
[Site "Athens GRE"]
[Date "2007.08.21"]
[Round "8"]
[White "Atakisi,U"]
[Black "Barsov,A"]
[Result "1-0"]
[WhiteElo "2383"]
[BlackElo "2517"]

1.e4 e6 2.d4 d5 3.Nd2 Be7 4.Bd3 c5 5.dxc5 Nf6 6.Qe2 O-O 7.Ngf3 a5 8.O-O Na6
9.e5 Nd7 10.c3 Naxc5 11.Bc2 f6 12.c4 fxe5 13.Nxe5 Nxe5 14.Qxe5 Bf6 15.Qe2 a4
16.Nf3 dxc4 17.Qxc4 Qd5 18.Qxd5 exd5 19.Be3 b6 20.Nd4 Ba6 21.Rfd1 Bc4 22.a3 Rfe8
23.Rd2 g6 24.Rad1 Rac8 25.h3 b5 26.Rb1 Ne4 27.Rdd1 Ng3 28.Bd3 Bxd4 29.Bxd4 Bxd3
30.Rxd3 Ne2+ 31.Kh2 Nxd4 32.Rxd4 Re2 33.Rxd5 Rxf2 34.Rxb5 Rcc2 35.Rg5 Rxb2
36.Rxb2 Rxb2 37.Rg4 Ra2 38.Rxa4 Kg7 39.h4 h5 40.Ra6 Kf7 41.Kg3 Kg7 42.Kf3 Kf7
43.g3 Kg7 44.Ke3 Rg2 45.Kf3 Ra2 46.Ra4 Ra1 47.Ra7+ Kf6 48.Ra6+ Kg7 49.Ra5 Kf6
50.a4 Rf1+ 51.Ke4 Rg1 52.Rg5 Rd1 53.a5 Rd2 54.Rd5 Re2+ 55.Kd3 Rg2 56.Rg5  1-0

[Event "Acropolis Open"]
[Site "Athens GRE"]
[Date "2007.08.22"]
[Round "9"]
[White "Goumas,G"]
[Black "Goritsas,C"]
[Result "1/2-1/2"]
[WhiteElo "2183"]
[BlackElo "2327"]

1.e4 e6 2.d4 d5 3.Nd2 Be7 4.Bd3 c5 5.dxc5 Nf6 6.exd5 exd5 7.Ne2 O-O 8.O-O Bxc5
9.Nb3 Bb6 10.c3 Nc6 11.Nbd4 Bg4  1/2-1/2

[Event "Euwe Stimulans"]
[Site "Arnhem NED"]
[Date "2007.08.23"]
[Round "6"]
[White "Muhren,B"]
[Black "Wang Puchen"]
[Result "1-0"]
[WhiteElo "2334"]
[BlackElo "2348"]

1.e4 e6 2.d4 d5 3.Nd2 Be7 4.Bd3 c5 5.dxc5 Nf6 6.Qe2 O-O 7.Ngf3 a5 8.c3 Na6
9.e5 Nd7 10.Nb3 Naxc5 11.Nxc5 Nxc5 12.Bc2 b6 13.Bf4 Ba6 14.Qe3 Rc8 15.O-O-O Qd7
16.Ng5 Bxg5 17.Bxg5 f6 18.exf6 gxf6 19.Bh4 Qg7 20.Rd4 Bc4 21.f3 f5 22.Bg3 h5
23.Be5 Qg6 24.b3 Ba6 25.g4 f4 26.Rxf4 Nd3+ 27.Bxd3 Bxd3 28.gxh5 Qxh5 29.Qxd3  1-0

[Event "TCh-ESP CECLUB Sur Div 1"]
[Site "Burguillos ESP"]
[Date "2007.08.23"]
[Round "3"]
[White "Suarez Real,A"]
[Black "Bermejo Martinez,J"]
[Result "1-0"]
[WhiteElo "2386"]
[BlackElo "2219"]

1.e4 e6 2.d4 d5 3.Nd2 Be7 4.Ngf3 c5 5.exd5 exd5 6.Bb5+ Nc6 7.O-O Qb6 8.c4 dxc4
9.Qa4 a6 10.Bxc4 Bd7 11.d5 Nd4 12.Qd1 Bg4 13.h3 Bh5 14.Qa4+ Nb5 15.Bd3 O-O-O
16.Nc4 Qf6 17.Bg5 Qxf3 18.gxf3 Bxg5 19.Nb6+ Kc7 20.Qa5 Bf4 21.Bxb5 axb5 22.Rac1 Bd6
23.Nc4+ Kc8 24.Nxd6+  1-0

[Event "15th Open"]
[Site "Nikea GRE"]
[Date "2007.08.25"]
[Round "4"]
[White "Papathanasiou,A"]
[Black "Katsiris,I"]
[Result "0-1"]
[WhiteElo "1981"]
[BlackElo "2124"]

1.e4 e6 2.d4 d5 3.Nd2 Be7 4.e5 Nh6 5.Bd3 Nc6 6.c3 Nf5 7.Ne2 f6 8.exf6 Bxf6
9.Ng3 Nh4 10.O-O O-O 11.Qh5 g6 12.Qd1 e5 13.dxe5 Nxe5 14.Bc2 c5 15.Nb3 b6
16.Bh6 Rf7 17.f3 a5 18.a4 Bb7 19.Rf2 Rd7 20.Rd2 Nc4 21.Re2 Nxb2 22.Qe1 Re7
23.Rxe7 Qxe7 24.Qxe7 Bxe7 25.Re1 Kf7 26.Rxe7+ Kxe7 27.Bg5+ Kf7 28.Bxh4 Nxa4
29.Ne2 Ba6 30.Nbc1 Nb2 31.Bb3 Bc4 32.Bxc4 Nxc4 33.Nf4 h6 34.Bf2 Rd8 35.Kf1 g5
36.Nfe2 Re8 37.Ke1 a4 38.Na2 a3 39.Kf1 Nd2+ 40.Ke1 Nb3 41.Kd1 d4 42.Nec1 Nxc1
43.Nxc1 dxc3 44.Kc2 a2  0-1

[Event "XIX Open"]
[Site "Porto San Giorgio ITA"]
[Date "2007.08.25"]
[Round "5"]
[White "Sautto,D"]
[Black "Hamdouchi,H"]
[Result "0-1"]
[WhiteElo "2196"]
[BlackElo "2576"]

1.e4 e6 2.d4 d5 3.Nd2 Nc6 4.Ngf3 Nf6 5.e5 Nd7 6.Be2 f6 7.exf6 Qxf6 8.Nf1 Bd6
9.Bg5 Qf7 10.Ne3 O-O 11.Bh4 e5 12.dxe5 Ndxe5 13.Ng5 Qf4 14.Qxd5+ Kh8 15.Qe4 Ng6
16.Qxf4 Bxf4 17.Nf3 Nb4 18.O-O Re8 19.c3 Bxe3 20.fxe3 Nc2 21.Rac1 Nxe3 22.Rfe1 Bf5
23.Bf1 Nxf1 24.Kxf1 Nxh4 25.Nxh4 Be6 26.a3 a5 27.Nf3 a4 28.Re4 Bd5 29.Rxe8+ Rxe8
30.Re1 Rd8 31.Re7 c5 32.Ne5 Kg8 33.Rd7 Rf8+ 34.Kg1 Be4 35.h3 h5 36.Re7 Rd8
37.Nc4 Bd5 38.Ne3 Bc6 39.Nf1 Rd1 40.Re2 Bb5 41.Rf2 h4 42.g3 hxg3  0-1

[Event "1st Serbian League Men"]
[Site "Zlatibor SRB"]
[Date "2007.08.25"]
[Round "5"]
[White "Perunovic,Mil"]
[Black "Drasko,M"]
[Result "1-0"]
[WhiteElo "2589"]
[BlackElo "2552"]

1.e4 e6 2.d4 d5 3.Nd2 Nc6 4.Ngf3 Nf6 5.e5 Nd7 6.Nb3 a5 7.a4 Be7 8.h4 h6 9.h5 b6
10.c3 Ba6 11.Bxa6 Rxa6 12.Rh3 Ra7 13.Rg3 Bf8 14.Bf4 Ne7 15.Rc1 c6 16.Kf1 b5
17.Nbd2 Nb6 18.b3 g5 19.hxg6 fxg6 20.Nh2 Bg7 21.Rh3 g5 22.Be3 Nf5 23.Kg1 O-O
24.Ng4 Qe8 25.Nf1 bxa4 26.bxa4 Nc4 27.Ng3 Nxg3 28.Rxg3 Qg6 29.Rb1 h5 30.Nh2 g4
31.Nf1 Raf7 32.f3 Qh7 33.Bg5 Kh8 34.Nh2 Qf5 35.Qc1 Qd3 36.Nxg4 hxg4 37.Rxg4 Kg8
38.Kh2 Qe2 39.Bh6 Kh7 40.Bxg7  1-0

[Event "1st Serbian League Women"]
[Site "Zlatibor SRB"]
[Date "2007.08.25"]
[Round "5"]
[White "Benderac,A"]
[Black "Vojinovic,J"]
[Result "1-0"]
[WhiteElo "2305"]
[BlackElo "2217"]

1.e4 e6 2.d4 d5 3.Nd2 Be7 4.c3 c5 5.exd5 Qxd5 6.Ngf3 cxd4 7.Nxd4 a6 8.Qb3 Nf6
9.Be2 O-O 10.O-O e5 11.Bf3 Qd7 12.Nc4 Qc7 13.Nb6 Ra7 14.Nxc8 Qxc8 15.Re1 Bd6
16.Nc2 Nbd7 17.Be3 Bc5 18.Bxc5 Nxc5 19.Qb6 Ra8 20.Rad1 e4 21.Be2 Ne6 22.Ne3 Qc5
23.Qxc5 Nxc5 24.Nd5 Nxd5 25.Rxd5 Rac8 26.Bg4 Rc7 27.Bf5 g6 28.Bxe4 Re8 29.Rd4 Kg7
30.Re3 Rce7 31.Bc2 Rxe3 32.fxe3 Rxe3 33.Kf2 Re7 34.Rd5 Ne6 35.Rd6 f5 36.b4 Nf4
37.Bd1 Rc7 38.Bb3 Nh5 39.c4 Nf6 40.Rb6 Ng4+ 41.Ke2 Re7+ 42.Kd3 Rd7+ 43.Kc3 f4
44.c5 Ne3 45.Be6 Rc7 46.Kd4 Kf8 47.Bd5 Rd7 48.Rf6+ Ke8 49.Re6+ Kd8 50.Re5 Nxg2
51.Ke4 Kc7 52.a4 Ne3 53.Be6 Re7 54.Kxf4 Nc2 55.b5 axb5 56.axb5 b6 57.Bg8 Rg7
58.Bc4 Na3 59.Bd3 bxc5 60.Rxc5+ Kb8 61.Rc3 Ra7 62.Ke5 Ra5 63.Kd5 Nb1 64.Rc2 Ra3
65.Bc4 Rf3 66.Kd6 Na3 67.Be2 Rf6+ 68.Ke7 Rf2 69.Rd2 Kc7 70.Rd7+ Kb6 71.Rd6+ Ka5
72.Re6 Rf4 73.Ra6+ Kb4 74.b6 Kc5 75.b7 Rb4 76.Bf3 Nc4 77.Ra8 Nb6 78.b8=Q Nxa8
79.Qxa8  1-0

[Event "27th Open"]
[Site "Bratto ITA"]
[Date "2007.08.26"]
[Round "4"]
[White "Tiviakov,S"]
[Black "Esen,B"]
[Result "1-0"]
[WhiteElo "2648"]
[BlackElo "2441"]

1.e4 e6 2.d4 d5 3.Nd2 a6 4.Ngf3 c5 5.exd5 exd5 6.dxc5 Bxc5 7.Bd3 Ne7 8.Nb3 Bb6
9.h3 O-O 10.O-O Nbc6 11.Re1 Ng6 12.Bxg6 hxg6 13.Be3 Bf5 14.Bxb6 Qxb6 15.c3 a5
16.Qd2 a4 17.Nbd4 Be4 18.Re2 f6 19.Rd1 g5 20.Qe1 Rac8 21.h4 g4 22.Nh2 Ne5
23.Qd2 Nc4 24.Qc1 Ne5 25.a3 Bd3 26.Re3 Be4 27.Kh1 f5 28.f3 f4 29.Re2 gxf3
30.gxf3 Nd3 31.Qd2 Bh7 32.Rg1 Rce8 33.Ng4 Kh8 34.h5 Qd6 35.Nf2 Ne5 36.Qe1 Qf6
37.Ng4 Nxg4 38.Rxe8 Nf2+ 39.Kg2 Qg5+ 40.Kxf2 Qh4+ 41.Kg2 Qg5+ 42.Kf1 Bd3+
43.Re2 Qxh5 44.Kg2 Kg8 45.Re5 Qh6 46.Rxd5  1-0

[Event "Dato Arthur Tan Malaysian Op"]
[Site "Kuala Lumpur MAS"]
[Date "2007.08.26"]
[Round "11"]
[White "Zhou Weiqi"]
[Black "Sadorra,J"]
[Result "0-1"]
[WhiteElo "2469"]
[BlackElo "2421"]

1.e4 e6 2.d4 d5 3.Nd2 Be7 4.Ngf3 Nf6 5.e5 Nfd7 6.c4 O-O 7.cxd5 exd5 8.Bd3 c5
9.O-O Nc6 10.Re1 Qb6 11.a3 c4 12.Nxc4 dxc4 13.Bxc4 Rd8 14.e6 fxe6 15.Rxe6 Kh8
16.Ng5 Bxg5 17.Bxg5 Rf8 18.Be7 Rf5 19.g4 Nf6 20.Bc5 Rxc5 21.dxc5 Qxc5 22.Re3 Qxc4
23.h3 h6 24.Rc1 Qf7 25.b4 a6 26.Qd6 Bd7 27.a4 Nd5  0-1

[Event "1st Serbian League Men"]
[Site "Zlatibor SRB"]
[Date "2007.08.26"]
[Round "6"]
[White "Perunovic,Mil"]
[Black "Antic,De"]
[Result "1/2-1/2"]
[WhiteElo "2589"]
[BlackElo "2468"]

1.e4 e6 2.d4 d5 3.Nd2 Be7 4.Ngf3 Nf6 5.e5 Nfd7 6.Bd3 c5 7.c3 Nc6 8.O-O a5
9.a4 b6 10.Bb5 Na7 11.Bd3 Nc6 12.Re1 Ba6 13.Bxa6 Rxa6 14.Nf1 Ra8 15.c4 O-O
16.cxd5 exd5 17.Ne3 cxd4 18.Nxd5 Nc5 19.Nxe7+ Qxe7 20.Ra3 Qd7 21.Ng5 d3 22.Be3 Nb4
23.Bxc5 bxc5 24.Rc3 Qd5 25.Ne4 Qxe5 26.Nxc5 Qd4 27.Re4 Qd5 28.Re3 Rae8 29.Rg3 Na2
30.Rgxd3 Nxc3 31.Rxd5 Nxd1 32.Rxd1 Rb8 33.b3 Rfd8 34.Rxd8+ Rxd8 35.Kf1 Rd5
36.Na6 Rd3 37.b4 axb4 38.Nxb4 Ra3 39.g3 Rxa4 40.Nd5 f6 41.h4 Kf7 42.Kg2 Ke6
43.Ne3 Ke5 44.Nf1 Ra2 45.Nh2 Ke4 46.Nf3 h6 47.Ng1 g5 48.hxg5 fxg5 49.Nf3 Rb2
50.Nh2 h5 51.Nf3 Kf5 52.Nd4+ Kg4 53.Nf3 h4 54.gxh4 gxh4 55.Nh2+ Kf4 56.Nf1 h3+
57.Kxh3 Rxf2 58.Nh2 Ra2 59.Nf1 Rb2 60.Nh2 Rf2 61.Ng4 Rf3+ 62.Kh4 Rf1 63.Kh3 Rg1
64.Nh2 Rg3+ 65.Kh4 Rg8 66.Kh3 Rg3+ 67.Kh4 Ra3 68.Ng4 Ra1 69.Kh3 Ra8 70.Nh2 Rg8
71.Ng4 Rg7 72.Nh2 Rg1 73.Kh4 Rg3 74.Nf1 Rg2 75.Kh3 Rg6 76.Nh2 Rg5 77.Nf1 Rg4
78.Nh2 Rg5 79.Nf1 Rg6 80.Nh2 Rg3+ 81.Kh4 Rd3 82.Ng4 Rd8 83.Nh6 Rd5 84.Ng4 Ra5
85.Nh2 Rg5 86.Kh3 Rg8 87.Nf1 Rg4 88.Nh2 Rg3+ 89.Kh4 Rc3 90.Ng4 Rc8 91.Nh6 Rc5
92.Ng4 Rg5 93.Nh2 Rg3 94.Nf1 Rg2 95.Kh3 Rg8 96.Nh2 Ke3 97.Ng4+ Kf3 98.Nh2+ Kf4
99.Nf1 Rg7 100.Nh2 Rg3+ 101.Kh4 Rb3 102.Ng4 Rb7 103.Nh6 Rg7 104.Kh5 Rg5+
105.Kh4 Rg1 106.Kh5 Rg7 107.Kh4  1/2-1/2

[Event "zt 3.2"]
[Site "Dhaka BAN"]
[Date "2007.08.28"]
[Round "8"]
[White "Gillani,T"]
[Black "Reefat,S"]
[Result "1/2-1/2"]
[WhiteElo "2286"]
[BlackElo "2472"]

1.e4 e6 2.d4 d5 3.Nd2 a6 4.c3 c5 5.a3 Nc6 6.Ngf3 Nf6 7.Bd3 cxd4 8.cxd4 dxe4
9.Nxe4 Be7 10.O-O O-O 11.Bc2 Qd5 12.Qd3 Nxe4 13.Qxe4 Qxe4 14.Bxe4 Rd8 15.Be3 Na5
16.Rac1 Bd7 17.Ne5 Bb5 18.Rfe1 f6 19.Nf3 Rac8 20.Bf4 Rxc1 21.Rxc1 Bc6 22.Bc7 Bxe4
23.Bxa5 Rd7 24.Rc7 Rxc7 25.Bxc7 Bxf3 26.gxf3 Kf7 27.Kf1 Ke8 28.Ke2 Kd7 29.Bb8 Kc6
30.Kd3 Kd5 31.Bc7 g6 32.h3 b5 33.Bf4 Bd8 34.Bd2 h5 35.f4 Bb6 36.Be3 Ba5 37.b3 Bc7
38.Bc1 Bd6 39.f3 Bf8 40.Bb2 Be7 41.Bc1 Bd6 42.Kc3 Bc7 43.Kd3 Ba5 44.Bb2 Be1
45.Bc1 Ba5 46.Bb2 Bd8 47.Bc3 Be7 48.Bb2 Bf8 49.Bc1 Bh6 50.Be3 Bf8 51.Bc1  1/2-1/2

[Event "15th Open"]
[Site "Nikea GRE"]
[Date "2007.08.28"]
[Round "7"]
[White "Ikonomopoulou,M"]
[Black "Westerinen,H"]
[Result "1/2-1/2"]
[WhiteElo "2029"]
[BlackElo "2385"]

1.e4 e6 2.d4 d5 3.Nd2 Be7 4.Ngf3 Nf6 5.e5 Nfd7 6.Bd3 c5 7.c3 Nc6 8.O-O Qb6
9.dxc5 Nxc5 10.Bc2 Qc7 11.Re1 a5 12.Nf1 b6 13.Bf4 Ba6 14.Nd4 Nd7 15.Ba4 Nxd4
16.cxd4 b5 17.Rc1 Qa7 18.Bc2 Nb6 19.b3 Ba3 20.Qg4 g6 21.Rcd1 Rc8 22.Bb1 Bb4
23.Bh6 Bxe1 24.Rxe1 Rc6 25.Qf4 Nd7 26.Ne3 Qc7 27.Ng4 f5 28.Bg7 Rg8 29.Qh6 Rxg7
30.Qxg7 fxg4 31.Bxg6+ hxg6 32.Qxg6+ Kf8 33.Qh6+ Kf7 34.Qh7+ Ke8 35.Qg6+  1/2-1/2